[Event "Irish Championship 2015"]
[Site "Dublin IRL"]
[Date "2015.07.04"]
[Round "1.1"]
[White "Fitzsimons, David"]
[Black "MacElligott, Gerard"]
[Result "1-0"]
[WhiteTitle "FM"]
[BlackTitle "CM"]
[WhiteElo "2416"]
[BlackElo "2062"]
[WhiteICU "2337"]
[BlackICU "1941"]
[WhiteClub "Elm Mount"]
[BlackClub "Elm Mount"]
[WhiteNationality "IRL"]
[BlackNationality "IRL"]
[WhiteFideId "2501961"]
[BlackFideId "2500647"]
[PlyCount "81"]
[EventDate "2015.07.04"]

{ Source: <a
href="https://www.chess-results.com/tnr179720.aspx">Chess-Results.com</a>.
} { Event information: <a
href="https://www.irlchess.com/irlch2015_allfiles/pairings_irlch2015.html">Tournament
report</a>. }

1. e4 e6 2. d4 d5 3. Nc3 Nf6 4. e5 Nfd7 5. f4 c5 6. Nf3 Nc6 7. Be3 a6 8.
Qd2 b5 9. dxc5 Bxc5 10. Bd3 Qb6 11. Bf2 h6 12. a3 Bxf2+ 13. Qxf2 Qxf2+ 14.
Kxf2 Ke7 15. h4 g6 16. Ne2 Bb7 17. Ned4 Nxd4 18. Nxd4 g5 19. g3 Rhg8 20.
hxg5 hxg5 21. f5 Nxe5 22. fxe6 Rh8 23. exf7 Kxf7 24. Rhf1 Bc8 25. Rae1
Nxd3+ 26. cxd3 Bh3 27. Rh1 Rae8 28. Rxe8 Kxe8 29. Re1+ Kd7 30. Re5 Rf8+ 31.
Ke3 Kd6 32. Rxg5 Rf6 33. g4 Kc5 34. b4+ Kd6 35. Rg7 Ke5 36. Re7+ Kd6 37.
Ra7 Ke5 38. Nf3+ Kd6 39. Rxa6+ Ke7 40. Rxf6 Kxf6 41. Kf4 1-0

[Event "Irish Championship 2015"]
[Site "Dublin IRL"]
[Date "2015.07.04"]
[Round "1.2"]
[White "Fox, Anthony"]
[Black "Jessel, Stephen"]
[Result "1/2-1/2"]
[BlackTitle "FM"]
[WhiteElo "2035"]
[BlackElo "2352"]
[WhiteICU "2002"]
[BlackICU "2274"]
[WhiteClub "Dun Laoghaire"]
[BlackClub "V&eacute;sinet FRA"]
[WhiteNationality "IRL"]
[BlackNationality "IRL"]
[WhiteFideId "2500736"]
[BlackFideId "628859"]
[PlyCount "104"]
[EventDate "2015.07.04"]

{ Source: <a
href="https://www.chess-results.com/tnr179720.aspx">Chess-Results.com</a>.
} { Event information: <a
href="https://www.irlchess.com/irlch2015_allfiles/pairings_irlch2015.html">Tournament
report</a>. }

1. e4 e6 2. d4 d5 3. exd5 exd5 4. Nf3 Bg4 5. Bd3 Bd6 6. O-O Ne7 7. Bg5 Nbc6
8. c3 Qd7 9. Nbd2 f6 10. Bh4 O-O-O 11. Bg3 h5 12. Bxd6 Qxd6 13. b4 Bf5 14.
Qc2 Bxd3 15. Qxd3 Rde8 16. Nb3 Kb8 17. Rfe1 Nc8 18. Nc5 Nd8 19. a4 b6 20.
Nb3 Qd7 21. a5 Ne6 22. Nfd2 Nf4 23. Qf3 Qg4 24. Kf1 Nd6 25. h3 Qxf3 26.
Nxf3 Nb5 27. Re3 Rxe3 28. fxe3 Nd3 29. Nbd2 Nb2 30. Rb1 Na4 31. c4 dxc4 32.
Nxc4 Nac3 33. Rb3 Re8 34. Na3 Nxa3 35. Rxc3 Nb5 36. Rd3 Kb7 37. Nd2 Nd6 38.
axb6 cxb6 39. g4 hxg4 40. hxg4 Re7 41. Ke2 Kc6 42. d5+ Kb5 43. Rd4 Rc7 44.
Ne4 Nxe4 45. Rxe4 a5 46. bxa5 bxa5 47. Re8 Ra7 48. Kd3 Kc5 49. e4 a4 50.
Kc2 Kd4 51. Kb2 Ke3 52. g5 Kf4 1/2-1/2

[Event "Irish Championship 2015"]
[Site "Dublin IRL"]
[Date "2015.07.04"]
[Round "1.3"]
[White "Brady, Stephen"]
[Black "Palmer, Bernard"]
[Result "1-0"]
[WhiteTitle "FM"]
[WhiteElo "2349"]
[BlackElo "2022"]
[WhiteICU "2310"]
[BlackICU "1928"]
[WhiteClub "St. Benildus"]
[BlackClub "Dun Laoghaire"]
[WhiteNationality "IRL"]
[BlackNationality "IRL"]
[WhiteFideId "2500124"]
[BlackFideId "2500701"]
[PlyCount "75"]
[EventDate "2015.07.04"]

{ Source: <a
href="https://www.chess-results.com/tnr179720.aspx">Chess-Results.com</a>.
} { Event information: <a
href="https://www.irlchess.com/irlch2015_allfiles/pairings_irlch2015.html">Tournament
report</a>. }

1. e4 e6 2. d4 d5 3. Nc3 Bb4 4. exd5 exd5 5. Bd3 Nc6 6. a3 Be7 7. Bf4 a6 8.
Nce2 Bd6 9. Qd2 Nge7 10. Nf3 Bf5 11. O-O O-O 12. Rfe1 Bxf4 13. Nxf4 Bxd3
14. Qxd3 Ng6 15. Nxg6 hxg6 16. Ne5 Nxe5 17. Rxe5 Re8 18. Rae1 Rxe5 19. Rxe5
Qd7 20. Qe3 Kf8 21. Qb3 c6 22. Qb4+ Kg8 23. Kf1 b5 24. Qe1 Qd6 25. h3 a5
26. Re8+ Rxe8 27. Qxe8+ Kh7 28. Qxf7 Qh2 29. Qf3 Qh1+ 30. Ke2 b4 31. axb4
axb4 32. b3 Qg1 33. g3 Qb1 34. Qd3 Qh1 35. h4 Qh3 36. Qf3 Qe6+ 37. Kf1 Qe7
38. Qd3 1-0

[Event "Irish Championship 2015"]
[Site "Dublin IRL"]
[Date "2015.07.04"]
[Round "1.4"]
[White "O'Rourke, Ray"]
[Black "Daly, Colm"]
[Result "1/2-1/2"]
[BlackTitle "FM"]
[WhiteElo "1984"]
[BlackElo "2319"]
[WhiteICU "1847"]
[BlackICU "2250"]
[WhiteClub "Bray/Greystones"]
[BlackClub "Bray/Greystones"]
[WhiteNationality "IRL"]
[BlackNationality "IRL"]
[WhiteFideId "2501023"]
[BlackFideId "2500434"]
[PlyCount "118"]
[EventDate "2015.07.04"]

{ Source: <a
href="https://www.chess-results.com/tnr179720.aspx">Chess-Results.com</a>.
} { Event information: <a
href="https://www.irlchess.com/irlch2015_allfiles/pairings_irlch2015.html">Tournament
report</a>. }

1. e4 c5 2. Nf3 e6 3. d4 cxd4 4. Nxd4 a6 5. Bd3 Nf6 6. O-O Qc7 7. Be3 d6 8.
c4 g6 9. f4 Bg7 10. h3 O-O 11. f5 Nc6 12. Nxc6 bxc6 13. Nc3 Rb8 14. Rb1 c5
15. Qd2 Bb7 16. Bh6 Bc6 17. Bxg7 Kxg7 18. Rf2 Nd7 19. Rbf1 Ne5 20. f6+ Kh8
21. g4 Rg8 22. g5 h5 23. gxh6 Kh7 24. Rg2 Qd8 25. Qe3 Qf8 26. b3 Qxh6 27.
Qe2 g5 28. Nd5 Bxd5 29. exd5+ Kh8 30. dxe6 fxe6 31. f7 Rgf8 32. Rf6 Qh4 33.
Rxe6 Nxd3 34. Qxd3 Rxf7 35. Qxd6 Qd4+ 36. Qxd4+ cxd4 37. Rh6+ Kg7 38. Rxa6
Re8 39. Rxg5+ Kf8 40. Rg2 Re1+ 41. Kh2 d3 42. Ra8+ Ke7 43. Ra7+ Kf8 44.
Rxf7+ Kxf7 45. Kg3 Re3+ 46. Kf4 Re2 47. Rg3 Rf2+ 48. Ke4 d2 49. Rd3 Rh2 50.
a4 $4 { It turns out that White still has a winning position after this,
but it all becomes harder. } 50... Rxh3 $1 51. Rxd2 Rxb3 52. c5 (52. Ra2
$18 { is simpler. }) 52... Ke7 53. Kd5 Ra3 54. Rd4 Kd7 55. Rb4 $2 ({ Only
this lets the win slip. } 55. Rf4 (55. Rg4 (55. Rh4)) { are the only moves
that win (Nalimov tablebases). }) 55... Kc7 $10 56. Kc4 Kc6 57. Rb6+ Kc7
58. Rb4 Ra1 59. Kb5 Rc1 $2 ({ Now White would be winning again after ( }
59... Rc1 { ) } 60. a5 { . }) (59... Kb7 { draws, as does R to anywhere
from d1 to h1. }) 1/2-1/2

[Event "Irish Championship 2015"]
[Site "Dublin IRL"]
[Date "2015.07.04"]
[Round "1.6"]
[White "Mulligan, Scott"]
[Black "O'Donnell, Conor"]
[Result "0-1"]
[BlackTitle "FM"]
[WhiteElo "1957"]
[BlackElo "2263"]
[WhiteICU "1947"]
[BlackICU "2202"]
[WhiteClub "Rathmines"]
[BlackClub "Gonzaga"]
[WhiteNationality "IRL"]
[BlackNationality "IRL"]
[WhiteFideId "2507498"]
[BlackFideId "2504243"]
[PlyCount "100"]
[EventDate "2015.07.04"]

{ Source: <a
href="https://www.chess-results.com/tnr179720.aspx">Chess-Results.com</a>.
} { Event information: <a
href="https://www.irlchess.com/irlch2015_allfiles/pairings_irlch2015.html">Tournament
report</a>. }

1. e4 c5 2. Nf3 e6 3. d4 cxd4 4. Nxd4 Nc6 5. Nc3 Qc7 6. Be2 a6 7. O-O Nf6
8. Kh1 Nxd4 9. Qxd4 Bc5 10. Qd3 h5 11. f4 d6 12. Be3 b5 13. a3 Bb7 14. Bf3
Ng4 15. Bd4 Kf8 16. Ne2 Rd8 17. Qc3 e5 18. fxe5 Nxe5 19. Nf4 Kg8 20. Nd3 f6
21. Nf4 Qf7 22. Bxe5 fxe5 23. Nh3 Bd4 24. Qa5 Qe7 25. Qd2 Bxb2 26. Ra2 Bd4
27. c3 Bc5 28. a4 Rh6 29. axb5 axb5 30. Qd1 Rf8 31. Ra1 g5 32. Qd2 Rg6 33.
Bxh5 Rxf1+ 34. Rxf1 Rg7 35. Qa2+ Kh8 36. Qe2 Bc6 37. Bg4 Rh7 38. Bf5 Rh4
39. g3 Rh6 40. Nf2 Bxf2 41. Qxf2 Rf6 42. Qe2 Qf7 43. Kg1 Qa7+ 44. Kg2 Kg7
45. Qd2 Rxf5 46. Qxd6 Bxe4+ 47. Kh3 Rxf1 48. Qxe5+ Rf6 49. Qxe4 Qd7+ 50. g4
Rh6+ 0-1

[Event "Irish Championship 2015"]
[Site "Dublin IRL"]
[Date "2015.07.04"]
[Round "1.7"]
[White "O'Connell, Gerard"]
[Black "O'Neill, Paul"]
[Result "1-0"]
[WhiteElo "2106"]
[BlackElo "1954"]
[WhiteICU "2000"]
[BlackICU "1728"]
[WhiteClub "St. Benildus"]
[BlackClub "Naomh Barr&oacute;g"]
[WhiteNationality "IRL"]
[BlackNationality "IRL"]
[WhiteFideId "2500493"]
[BlackFideId "2507692"]
[PlyCount "57"]
[EventDate "2015.07.04"]

{ Source: <a
href="https://www.chess-results.com/tnr179720.aspx">Chess-Results.com</a>.
} { Event information: <a
href="https://www.irlchess.com/irlch2015_allfiles/pairings_irlch2015.html">Tournament
report</a>. }

1. d4 Nf6 2. c4 g6 3. Nc3 Bg7 4. e4 d6 5. Nf3 O-O 6. Be2 e5 7. O-O Nc6 8.
d5 Ne7 9. b4 Nd7 10. Be3 f5 11. Ng5 Nf6 12. f3 f4 13. Bf2 h6 14. Ne6 Bxe6
15. dxe6 Qe8 16. Nd5 Rc8 17. c5 dxc5 18. Bxc5 Nfxd5 19. exd5 Rd8 20. Bc4
Rf6 21. Re1 b6 22. Bf2 Rxe6 23. dxe6 Rxd1 24. Raxd1 c6 25. Rd7 Nd5 26. b5
Nb4 27. Rd8 Kf8 28. Rxe8+ Kxe8 29. bxc6 1-0

[Event "Irish Championship 2015"]
[Site "Dublin IRL"]
[Date "2015.07.04"]
[Round "1.8"]
[White "Li, Henry"]
[Black "Harding, Tim"]
[Result "1/2-1/2"]
[WhiteElo "1866"]
[BlackElo "2085"]
[WhiteICU "1775"]
[BlackICU "1949"]
[WhiteClub "Rathmines"]
[BlackClub "T.C.D."]
[WhiteNationality "IRL"]
[BlackNationality "IRL"]
[WhiteFideId "2508524"]
[BlackFideId "2500256"]
[PlyCount "40"]
[EventDate "2015.07.04"]

{ Source: <a
href="https://www.chess-results.com/tnr179720.aspx">Chess-Results.com</a>.
} { Event information: <a
href="https://www.irlchess.com/irlch2015_allfiles/pairings_irlch2015.html">Tournament
report</a>. }

1. e4 e6 2. d4 d5 3. Nd2 dxe4 4. Nxe4 Nd7 5. Nf3 Be7 6. Bd3 Ngf6 7. O-O c5
8. Re1 O-O 9. Bg5 Nxe4 10. Bxe7 Qxe7 11. Bxe4 Nf6 12. Bd3 b6 13. Qe2 Bb7
14. Rad1 Qc7 15. dxc5 Qxc5 16. Ne5 g6 17. Bc4 Rfe8 18. Bb3 Re7 19. Qe3 Ne4
20. Qxc5 Nxc5 1/2-1/2

[Event "Irish Championship 2015"]
[Site "Dublin IRL"]
[Date "2015.07.04"]
[Round "1.9"]
[White "Kennedy, John P. A."]
[Black "O'Gorman, Tom"]
[Result "1/2-1/2"]
[WhiteElo "2074"]
[BlackElo "1859"]
[WhiteICU "2017"]
[BlackICU "1861"]
[WhiteClub "Dublin"]
[BlackClub "Dun Laoghaire"]
[WhiteNationality "IRL"]
[BlackNationality "IRL"]
[WhiteFideId "2501120"]
[BlackFideId "2508249"]
[PlyCount "90"]
[EventDate "2015.07.04"]

{ Source: <a
href="https://www.chess-results.com/tnr179720.aspx">Chess-Results.com</a>.
} { Event information: <a
href="https://www.irlchess.com/irlch2015_allfiles/pairings_irlch2015.html">Tournament
report</a>. }

1. Nf3 d5 2. g3 c5 3. Bg2 Nc6 4. d4 Nf6 5. O-O Bg4 6. Ne5 h5 7. c3 e6 8. f3
Bf5 9. e4 dxe4 10. fxe4 Nxe5 11. exf5 cxd4 12. fxe6 Bc5 13. Qa4+ Kf8 14. b4
Bb6 15. b5 h4 16. Ba3+ Kg8 17. exf7+ Nxf7 18. c4 Qc7 19. c5 hxg3 20. cxb6
gxh2+ 21. Kh1 Nh5 22. Rf3 Ng3+ 23. Rxg3 Qxg3 24. Nd2 Kh7 25. Be4+ g6 26.
Bb2 Rad8 27. Qc4 Ne5 28. Qe2 Ng4 29. Rf1 Ne3 30. Rc1 Rc8 31. Qh5+ Kg7 32.
Bxd4+ Kf7 33. Qxg6+ Qxg6 34. Bxg6+ Kxg6 35. Rxc8 Rxc8 36. Bxe3 axb6 37.
Kxh2 Rc2 38. a3 Kf5 39. Kg3 Rc3 40. Kf2 Rxa3 41. Bxb6 Ke6 42. Bc7 Kd5 43.
b6 Kd4 44. Nf3+ Kc5 45. Ng5 Ra6 1/2-1/2

[Event "Irish Championship 2015"]
[Site "Dublin IRL"]
[Date "2015.07.05"]
[Round "2.1"]
[White "O'Donnell, Conor"]
[Black "Fitzsimons, David"]
[Result "1-0"]
[WhiteTitle "FM"]
[BlackTitle "FM"]
[WhiteElo "2263"]
[BlackElo "2416"]
[WhiteICU "2202"]
[BlackICU "2337"]
[WhiteClub "Gonzaga"]
[BlackClub "Elm Mount"]
[WhiteNationality "IRL"]
[BlackNationality "IRL"]
[WhiteFideId "2504243"]
[BlackFideId "2501961"]
[PlyCount "69"]
[EventDate "2015.07.04"]

{ Source: <a
href="https://www.chess-results.com/tnr179720.aspx">Chess-Results.com</a>.
} { Event information: <a
href="https://www.irlchess.com/irlch2015_allfiles/pairings_irlch2015.html">Tournament
report</a>. }

1. d4 Nf6 2. Nf3 e6 3. c4 Bb4+ 4. Nc3 b6 5. Qb3 a5 6. a3 a4 7. Qc2 Bxc3+ 8.
Qxc3 Bb7 9. g3 Nc6 10. Bg2 Na5 11. Bf4 Qc8 12. O-O d5 13. cxd5 Nxd5 14. Qc2
Nb3 15. Rad1 Nxf4 16. gxf4 c5 17. dxc5 Nxc5 18. Ne5 O-O 19. Rd6 Bxg2 20.
Kxg2 Qb7+ 21. f3 Rac8 22. Rfd1 b5 23. Qd2 h6 24. Qb4 Nb3 25. Nd7 Rc4 26.
Nxf8 Rxb4 27. Rd8 Rc4 28. Nxe6+ Kh7 29. Nf8+ Kg8 30. R1d7 Qc6 31. Ng6+ Kh7
32. Nf8+ Kg8 33. f5 Rg4+ 34. Kh3 Rh4+ 35. Kg3 1-0

[Event "Irish Championship 2015"]
[Site "Dublin IRL"]
[Date "2015.07.05"]
[Round "2.2"]
[White "Boland, Dylan"]
[Black "Brady, Stephen"]
[Result "0-1"]
[BlackTitle "FM"]
[WhiteElo "1682"]
[BlackElo "2349"]
[WhiteICU "1667"]
[BlackICU "2310"]
[WhiteClub "St. Benildus"]
[BlackClub "St. Benildus"]
[WhiteNationality "IRL"]
[BlackNationality "IRL"]
[WhiteFideId "2507560"]
[BlackFideId "2500124"]
[PlyCount "91"]
[EventDate "2015.07.04"]

{ Source: <a
href="https://www.chess-results.com/tnr179720.aspx">Chess-Results.com</a>.
} { Event information: <a
href="https://www.irlchess.com/irlch2015_allfiles/pairings_irlch2015.html">Tournament
report</a>. }

1. Nf3 e6 2. d4 Nf6 3. c4 b6 4. g3 Ba6 5. Bg2 Bxc4 6. Nfd2 Bd5 7. e4 Bb7 8.
Nc3 c5 9. d5 Be7 10. O-O exd5 11. exd5 d6 12. Re1 O-O 13. a4 Na6 14. Nc4
Nb4 15. Bf4 Re8 16. Qd2 Qd7 17. Rad1 Bf8 18. Nb5 Rxe1+ 19. Rxe1 Bxd5 20.
Bxd5 Nbxd5 21. Bxd6 Bxd6 22. Nbxd6 Rd8 23. Ne4 Nxe4 24. Rxe4 Nf6 25. Re2
Qxd2 26. Rxd2 Rxd2 27. Nxd2 Kf8 28. Kf1 Ke7 29. Ke2 Kd6 30. h3 Kd5 31. Kd3
Nd7 32. b3 Ne5+ 33. Kc3 g5 34. Nf1 f6 35. Nd2 h5 36. Nf1 a6 37. Nd2 b5 38.
a5 Nc6 39. f3 f5 40. g4 b4+ 41. Kc2 hxg4 42. hxg4 fxg4 43. fxg4 Ne5 44. Kb2
c4 45. bxc4+ Nxc4+ 46. Kc2 0-1

[Event "Irish Championship 2015"]
[Site "Dublin IRL"]
[Date "2015.07.05"]
[Round "2.3"]
[White "Short, Philip"]
[Black "O'Connell, Gerard"]
[Result "1-0"]
[WhiteTitle "FM"]
[WhiteElo "2294"]
[BlackElo "2106"]
[WhiteICU "2233"]
[BlackICU "2000"]
[BlackClub "St. Benildus"]
[WhiteNationality "IRL"]
[BlackNationality "IRL"]
[WhiteFideId "2500086"]
[BlackFideId "2500493"]
[PlyCount "68"]
[EventDate "2015.07.04"]

{ Source: <a
href="https://www.chess-results.com/tnr179720.aspx">Chess-Results.com</a>.
} { Event information: <a
href="https://www.irlchess.com/irlch2015_allfiles/pairings_irlch2015.html">Tournament
report</a>. }

1. d4 Nf6 2. c4 g6 3. g3 Bg7 4. Bg2 d5 5. cxd5 Nxd5 6. e4 Nb6 7. Ne2 e5 8.
d5 O-O 9. O-O f5 10. Nbc3 N8d7 11. exf5 gxf5 12. f4 e4 13. g4 Nf6 14. gxf5
Bxf5 15. Ng3 Qd7 16. Ncxe4 Nxe4 17. Nxe4 Rae8 18. Ng3 Bh3 19. Bxh3 Qxh3 20.
Qf3 Nc4 21. Qg2 Bd4+ 22. Kh1 Qxg2+ 23. Kxg2 Bxb2 24. Bxb2 Nxb2 25. Rfb1 Nc4
26. Rxb7 Ne3+ 27. Kh1 Nxd5 28. f5 Re3 29. Rd1 c6 30. Rxa7 Rfe8 31. Rg1 Kh8
32. a4 Nf4 33. f6 Rf8 34. Nf5 Ng6 1-0

[Event "Irish Championship 2015"]
[Site "Dublin IRL"]
[Date "2015.07.05"]
[Round "2.4"]
[White "Jessel, Stephen"]
[Black "Kennedy, John P. A."]
[Result "1-0"]
[WhiteTitle "FM"]
[WhiteElo "2352"]
[BlackElo "2074"]
[WhiteICU "2274"]
[BlackICU "2017"]
[WhiteClub "V&eacute;sinet FRA"]
[BlackClub "Dublin"]
[WhiteNationality "IRL"]
[BlackNationality "IRL"]
[WhiteFideId "628859"]
[BlackFideId "2501120"]
[PlyCount "69"]
[EventDate "2015.07.04"]

{ Source: <a
href="https://www.chess-results.com/tnr179720.aspx">Chess-Results.com</a>.
} { Event information: <a
href="https://www.irlchess.com/irlch2015_allfiles/pairings_irlch2015.html">Tournament
report</a>. }

1. Nf3 d5 2. c4 e6 3. g3 Nf6 4. Bg2 Be7 5. O-O O-O 6. b3 c5 7. e3 Nc6 8.
Bb2 b6 9. Nc3 Ba6 10. Qe2 Rc8 11. Rfd1 Qd7 12. Nb5 Rfd8 13. Rac1 d4 14.
exd4 Bxb5 15. cxb5 Nxd4 16. Nxd4 cxd4 17. Bc6 Qd6 18. Rc4 d3 19. Qe3 Nd5
20. Qxd3 Nb4 21. Qxd6 Rxd6 22. Rxb4 Rdxc6 23. Rg4 Rc2 24. Rxg7+ Kf8 25.
Rxh7 Rxb2 26. Rh8+ Kg7 27. Rxc8 Rxa2 28. Rc7 Kf6 29. d4 Rb2 30. Rd3 e5 31.
dxe5+ Ke6 32. Rc6+ Kf5 33. Rf3+ Kg4 34. Rxf7 Bg5 35. Kg2 1-0

[Event "Irish Championship 2015"]
[Site "Dublin IRL"]
[Date "2015.07.05"]
[Round "2.5"]
[White "Daly, Colm"]
[Black "Li, Henry"]
[Result "1-0"]
[WhiteTitle "FM"]
[WhiteElo "2319"]
[BlackElo "1866"]
[WhiteICU "2250"]
[BlackICU "1775"]
[WhiteClub "Bray/Greystones"]
[BlackClub "Rathmines"]
[WhiteNationality "IRL"]
[BlackNationality "IRL"]
[WhiteFideId "2500434"]
[BlackFideId "2508524"]
[PlyCount "53"]
[EventDate "2015.07.04"]

{ Source: <a
href="https://www.chess-results.com/tnr179720.aspx">Chess-Results.com</a>.
} { Event information: <a
href="https://www.irlchess.com/irlch2015_allfiles/pairings_irlch2015.html">Tournament
report</a>. }

1. c4 Nf6 2. Nc3 g6 3. g3 Bg7 4. Bg2 O-O 5. d3 d6 6. Rb1 a5 7. a3 e5 8. Nf3
c6 9. O-O Nh5 10. Bg5 f6 11. Bd2 f5 12. b4 axb4 13. axb4 f4 14. Ra1 Rxa1
15. Qxa1 g5 16. Qa8 Na6 17. b5 Nc7 18. Qa5 Rf7 19. bxc6 bxc6 20. Rb1 Be6
21. Rb7 Bh6 22. Qb6 Qd7 23. Ne4 Bf5 24. Nexg5 Rg7 25. Rb8+ Ne8 26. Nxe5
dxe5 27. Bxc6 1-0

[Event "Irish Championship 2015"]
[Site "Dublin IRL"]
[Date "2015.07.05"]
[Round "2.6"]
[White "Harding, Tim"]
[Black "O'Rourke, Ray"]
[Result "1/2-1/2"]
[WhiteElo "2085"]
[BlackElo "1984"]
[WhiteICU "1949"]
[BlackICU "1847"]
[WhiteClub "T.C.D."]
[BlackClub "Bray/Greystones"]
[WhiteNationality "IRL"]
[BlackNationality "IRL"]
[WhiteFideId "2500256"]
[BlackFideId "2501023"]
[PlyCount "88"]
[EventDate "2015.07.04"]

{ Source: <a
href="https://www.chess-results.com/tnr179720.aspx">Chess-Results.com</a>.
} { Event information: <a
href="https://www.irlchess.com/irlch2015_allfiles/pairings_irlch2015.html">Tournament
report</a>. }

1. d4 Nf6 2. Nc3 d5 3. Bg5 c6 4. Qd3 Qb6 5. O-O-O Na6 6. Bxf6 gxf6 7. e4
Nb4 8. Qe2 Be6 9. a3 Bh6+ 10. Kb1 a5 11. Na4 Qc7 12. Nc5 O-O 13. g3 Na6 14.
Nxe6 fxe6 15. Bh3 f5 16. exf5 exf5 17. Nf3 Rf6 18. Nh4 e6 19. f4 b5 20.
Rhe1 Bg7 21. Nf3 a4 22. Ng5 Re8 23. Qh5 Re7 24. Qxh7+ Kf8 25. Qh5 Rh6 26.
Qe2 Qa7 27. Bf1 Bxd4 28. Nf3 Bf2 29. Ne5 Rc7 30. Rd2 Bxe1 31. Qxe1 Nc5 32.
Bd3 Nxd3 33. cxd3 c5 34. g4 b4 35. g5 Rh3 36. axb4 cxb4 37. Rc2 Rxc2 38.
Qxb4+ Kg7 39. Kxc2 Rxh2+ 40. Kb1 Rh1+ 41. Ka2 Rh8 42. Nc6 Qc7 43. Qd4+ Kg8
44. Qf6 Qxc6 1/2-1/2

[Event "Irish Championship 2015"]
[Site "Dublin IRL"]
[Date "2015.07.05"]
[Round "2.7"]
[White "O'Gorman, Tom"]
[Black "Fox, Anthony"]
[Result "1/2-1/2"]
[WhiteElo "1859"]
[BlackElo "2035"]
[WhiteICU "1861"]
[BlackICU "2002"]
[WhiteClub "Dun Laoghaire"]
[BlackClub "Dun Laoghaire"]
[WhiteNationality "IRL"]
[BlackNationality "IRL"]
[WhiteFideId "2508249"]
[BlackFideId "2500736"]
[PlyCount "87"]
[EventDate "2015.07.04"]

{ Source: <a
href="https://www.chess-results.com/tnr179720.aspx">Chess-Results.com</a>.
} { Event information: <a
href="https://www.irlchess.com/irlch2015_allfiles/pairings_irlch2015.html">Tournament
report</a>. }

1. e4 e5 2. Nf3 Nc6 3. Bb5 a6 4. Ba4 Nf6 5. O-O Be7 6. Re1 b5 7. Bb3 d6 8.
c3 O-O 9. d4 Bg4 10. d5 Na5 11. Bc2 c6 12. dxc6 Qc7 13. Bg5 Qxc6 14. Nbd2
h6 15. Bxf6 Bxf3 16. Qxf3 Bxf6 17. Bb3 Nxb3 18. Nxb3 Be7 19. Qd3 Rac8 20.
Rad1 Qc4 21. Qd5 Qxd5 22. Rxd5 g6 23. Na5 Rc7 24. Red1 Rfc8 25. a3 Kg7 26.
Kf1 Rc5 27. Nb7 Rxd5 28. Rxd5 Rc6 29. Ke2 Kf6 30. g3 Ke6 31. f4 f5 32. Na5
Rc8 33. Rd1 fxe4 34. Ke3 d5 35. Nb3 Bc5+ 36. Nxc5+ Rxc5 37. fxe5 Kxe5 38.
Rf1 Rc6 39. Rf8 Rf6 40. Ra8 h5 41. Re8+ Re6 42. Ra8 Rf6 43. Re8+ Re6 44.
Ra8 1/2-1/2

[Event "Irish Championship 2015"]
[Site "Dublin IRL"]
[Date "2015.07.05"]
[Round "2.8"]
[White "MacElligott, Gerard"]
[Black "Crichton, Martin"]
[Result "1-0"]
[WhiteTitle "CM"]
[WhiteElo "2062"]
[BlackElo "1973"]
[WhiteICU "1941"]
[WhiteClub "Elm Mount"]
[BlackClub "Transport for London ENG"]
[WhiteNationality "IRL"]
[BlackNationality "IRL"]
[WhiteFideId "2500647"]
[BlackFideId "2500973"]
[PlyCount "89"]
[EventDate "2015.07.04"]

{ Source: <a
href="https://www.chess-results.com/tnr179720.aspx">Chess-Results.com</a>.
} { Event information: <a
href="https://www.irlchess.com/irlch2015_allfiles/pairings_irlch2015.html">Tournament
report</a>. }

1. d4 d5 2. Bf4 Nf6 3. e3 e6 4. Nf3 c5 5. c3 Nbd7 6. Nbd2 Be7 7. Bd3 b6 8.
O-O Bb7 9. Ne5 O-O 10. Qf3 g6 11. Qh3 Ne4 12. Ndf3 Nxe5 13. Nxe5 Bg5 14.
Bxg5 Nxg5 15. Qh6 f5 16. f4 Nf7 17. Qh3 Qc8 18. g4 Nxe5 19. fxe5 Ba6 20.
Bxa6 Qxa6 21. gxf5 exf5 22. Rf4 Rae8 23. Qg2 Rd8 24. Raf1 Qxa2 25. Rxf5
Rxf5 26. Rxf5 Rf8 27. Rxf8+ Kxf8 28. Qf2+ Ke8 29. Kg2 Qb1 30. Kg3 cxd4 31.
exd4 Qe4 32. Qf3 Qe1+ 33. Kh3 h5 34. Qf6 Qe3+ 35. Kh4 Qe4+ 36. Kg5 Qe3+ 37.
Kxg6 Qe4+ 38. Kg7 Kd7 39. Qf7+ Kc6 40. Qe8+ Kc7 41. Qxh5 Qg2+ 42. Kf8 Qxb2
43. e6 Qxc3 44. Qf7+ Kb8 45. e7 1-0